[Event "Oberoesterreich-ch op"]
[Site "Traun"]
[Date "2017.04.09"]
[Round "3"]
[White "Steidl, Gerhard"]
[Black "Surtmann, Leopold"]
[Result "1/2-1/2"]
[WhiteElo "1823"]
[BlackElo "1810"]
[PlyCount "86"]
[EventDate "2017.04.07"]
[EventType "swiss"]
[EventRounds "9"]
[EventCountry "AUT"]
[SourceTitle "EXT 2024"]
[Source "ChessBase"]
[SourceDate "2023.10.10"]
[SourceVersion "1"]
[SourceVersionDate "2023.10.10"]
[SourceQuality "1"]

1. c4 e5 2. Nc3 f5 3. d4 exd4 4. Qxd4 Nc6 5. Qe3+ Qe7 6. Nd5 Qxe3 7. Bxe3 Bb4+ 8. Bd2 Bxd2+ 9. Kxd2 Kd8 10. Nf3 h6 11. e3 d6 12. Bd3 Nge7 13. Nxe7 Nxe7 14. Rhe1 Rf8 15. Rad1 Bd7 16. Nd4 c6 17. f3 Rf6 18. e4 fxe4 19. Bxe4 g5 20. Re3 d5 21. cxd5 cxd5 22. Bd3 Nc6 23. Nxc6+ bxc6 24. Rde1 Rb8 25. b3 Kc7 26. Re7 Kd6 27. Rh7 a5 28. Ree7 Rd8 29. h3 c5 30. a4 Rf4 31. Reg7 Rf6 32. Kc1 c4 33. bxc4 dxc4 34. Bc2 Be6 35. Ra7 Kc5 36. Rxa5+ Kb4 37. Re5 Kc3 38. Rb7 Bc8 39. Rb8 Rfd6 40. Re3+ Kd4 41. Re4+ Kc3 42. Re3+ Kd4 43. Re2 Kc3 1/2-1/2

[Event "Hoersching op 1st"]
[Site "Hoersching"]
[Date "2013.03.22"]
[Round "1"]
[White "Steidl, Gerhard"]
[Black "Wiesner, Hans Dieter"]
[Result "0-1"]
[WhiteElo "1679"]
[BlackElo "2090"]
[PlyCount "152"]
[EventDate "2013.03.22"]
[EventType "swiss"]
[EventRounds "7"]
[EventCountry "AUT"]
[SourceTitle "CBM 153 Extra"]
[Source "ChessBase"]
[SourceDate "2013.04.22"]
[SourceVersion "1"]
[SourceVersionDate "2013.04.22"]
[SourceQuality "1"]

1. c4 e5 2. Nc3 Nf6 3. g3 d5 4. cxd5 Nxd5 5. Bg2 Nb6 6. Nf3 Nc6 7. 0-0 Be7 8. d3 0-0 9. Be3 Re8 10. d4 exd4 11. Nxd4 Ne5 12. Bf4 Ng6 13. Bc1 Bf6 14. Ndb5 a6 15. Qxd8 Bxd8 16. Na3 c6 17. e4 Ne5 18. Be3 Nbc4 19. Nxc4 Nxc4 20. Bc1 Bf6 21. Nd1 Be6 22. Rb1 Rad8 23. Re1 Ne5 24. b3 Nd3 25. Re2 Bg4 26. f3 Nxc1 27. Rxc1 Bh5 28. Kf1 Bg5 29. Rb1 Rd4 30. Kf2 Bd8 31. Kf1 Bb6 32. Nb2 Red8 33. Nc4 Bc7 34. Rbb2 f6 35. Red2 Bf7 36. Rxd4 Rxd4 37. Ne3 Be6 38. Ke2 Ba5 39. g4 g6 40. h3 Kf7 41. Bf1 Ke7 42. Ng2 b5 43. Nf4 Bd7 44. Nd3 Bb6 45. Rd2 a5 46. Nf4 Kd6 47. Rxd4+ Bxd4 48. Kd2 Bb6 49. Be2 Be8 50. Nd3 Bf7 51. f4 Be8 52. Bf3 c5 53. e5+ fxe5 54. Nxe5 g5 55. Nd3 gxf4 56. Nxf4 Bf7 57. Be2 a4 58. Bd1 a3 59. Nd3 c4 60. bxc4 bxc4 61. Nc1 Ba5+ 62. Ke3 Bd8 63. Ne2 Kc5 64. Bc2 h6 65. Nd4 Bg5+ 66. Ke4 Kb4 67. Nc6+ Kc3 68. Ba4 Kb2 69. Ne5 Bg8 70. Be8 c3 71. Nd3+ Kxa2 72. Ba4 Kb1 73. Nb4 a2 74. Bc2+ Kb2 75. Nxa2 Bxa2 76. Bd3 Bb1 0-1